Estatísticas para Cantos da torcida do Flamengo (#9)

Clique aqui para jogar o quiz

Estatísticas Gerais

  • Esse quiz foi jogado 8 vezes
  • A pontuação média é 35 de 52

Estatísticas das Respostas

Resposta% Correto
a
100%
casa
100%
Flamengo
100%
joga,
100%
o
100%
Quando
100%
Arquibancada
80%
atropelando
80%
cheia
80%
é
80%
É
80%
Flamengo
80%
gigante
80%
incendeia
80%
mais
80%
o
80%
um
80%
amor
60%
casa,
60%
cima,
60%
com
60%
de
60%
de
60%
é
60%
é
60%
é
60%
em
60%
Esse
60%
manto
60%
Maraca
60%
Mengo
60%
meu
60%
muita
60%
nação
60%
nós
60%
nossa
60%
pra
60%
primeiro,
60%
Quero
60%
raça,
60%
sangue,
60%
sempre
60%
somos
60%
te
60%
tradição
60%
uma
60%
vai
60%
ver
60%
Bota
40%
deem
40%
joguem
40%
treino
0%

Distribuição das Pontuações

Percentil de Números Respondidos

Porcentagem de Pessoas com Cada Pontuação

Sua Pontuação Histórica

Você não jogou esse quiz